Responses for show #3134 - Thursday, March 26, 1998

Contestants

[<< previous game]

Barbara Byrne, a criminal defense lawyer from Queens, New York

Michael Collin, a piano salesman from Barrington, Illinois

Maryanne Ackershoek, an associate editor and online writer from Wayne, New Jersey (whose 1-day cash winnings total $16,600)

[next game >>]

Jeopardy! Round responses

MUSEUMS
20 YEARS AGO: 1978
CLASSIC SITCOM CHARACTERS
FOLD IT 5 WAYS
PUT "IT"
WHERE THE SUN DON'T SHINE
    $100 1
Napoleon

Michael
    $100 16
Atlantic City

Michael
    $100 4
Max Klinger

Michael
    $100 26
Paper airplane

Michael
    $100 7
Sit

Maryanne
    $100 12
Well

Maryanne
    $200 2
Ottawa

Michael
    $200 17
Love Canal

Maryanne
    $200 15
Gomer Pyle

Michael
    $200 27
Japanese

Barbara
    $200 8
Hit

Michael
    $200 13
(B: What is a crust?)

Core

MaryanneBarbara
    $300 3
Key West

Barbara
    $800 18
The Commodores

Maryanne
    $300 23
(Michael: Who is Norm?)

Cliff Clavin

MichaelBarbara
    $300 28
Newspaper

Maryanne
    $300 9
Bit

Maryanne
    $300 14
(Michael: What is a bomb?)

Fallout

MichaelBarbara
    $400 5
Tom Thumb

Maryanne
    $400 19
Muhammad Ali

Michael
    $400 24
George Costanza (on "Seinfeld")

Barbara
    $400 29
(Michael: What is an elephant?)

Pig/boar

MaryanneMichael
    $400 10
Flit

Barbara
    $400 21
(Michael: What are rockfish?)

Cavefish

Michael
Triple Stumper
    $500 6
Bluegrass

Michael
    $500 20
Aldo Moro

Maryanne
    $500 25
Jethro Bodine

Michael
    $500 30
Star of David

Michael
    $500 11
Twit

Michael
    $500 22
Seam

Maryanne

Scores at the first commercial break (after clue 15):

Maryanne Michael Barbara
$1,100 $1,500 $800

Scores at the end of the Jeopardy! Round:

Maryanne Michael Barbara
$3,800 $2,000 $1,700

Double Jeopardy! Round responses

AMERICANA
HEAVENLY MUSIC
PEOPLE WHO BECAME WORDS
LET'S GO SHOPPING
READ 'EM & WEEP
ANATOMICAL ANAGRAMS
    $200 4
Statue of Liberty

Michael
    $200 23
(and we have less than a minute to go...)

Pennies From Heaven

Maryanne
    $200 28
Molotov cocktails

Michael
    $200 29
[The end-of-round signal sounds.]

Philadelphia

Barbara
    $200 27
Love Story

Barbara
    $400 15
Ice Cream

Michael
    $400 13
Bob Dylan

Maryanne
    $400 9
George Pullman

Michael
    $400 18
Paul Bunyan

Michael
    $400 5
Terms Of Endearment

Michael
    $400 22
Nose (eons)

Michael
    $600 1
Raggedy Ann & Andy

Michael
    $600 14
A stairway to heaven

Barbara
    $600 10
Dunce

Maryanne
    $600 19
New Orleans

Barbara
    $600 6
St. Joan

Maryanne
    $600 24
Ear (are)

Triple Stumper
    $800 2
The Algonquin

Barbara
    $3,000 16
Gangsta's Paradise (by Coolio)

Michael
    $800 11
Maverick

Maryanne
    $800 20
San Francisco

Barbara
    $800 7
Johnny

Michael
    $800 25
Nerve (never)

Barbara
    $1000 3
Lake Superior

Maryanne
    $1000 17
Paradise by the dashboard light

Maryanne
    $2,000 12
(Maryanne: no response)

Ernst Mach

Maryanne
    $1000 21
(B: What is Boston?)

Washington, D.C.

MaryanneBarbara
    $1000 8
Eugene O' Neill

Michael
    $1000 26
Retina (retain)

Maryanne

Scores at the end of the Double Jeopardy! Round:

Maryanne Michael Barbara
$8,400 $9,800 $4,700

[wagering suggestions for these scores]

Final Jeopardy! Round responses

U.S. PRESIDENTS
BarbaraWho was Grant?
$4,700
MaryanneWho is U.S. Grant?
$8,400
MichaelWho was Grant?
$9,800
Ulysses S. Grant

Final scores:

Maryanne Michael Barbara
$16,800 $19,600 $9,400
2nd place: Trip to Hotel Albatross, Costa do Estoril, Portugal New champion: $19,600 3rd place: NordicTtack Ellipse Exercise Machine

Game dynamics:

Coryat scores:

Maryanne Michael Barbara
$9,900 $7,600 $4,700
20 R
(including 1 DD),
1 W
(including 1 DD)
23 R
(including 1 DD),
4 W
13 R,
2 W

Combined Coryat: $22,200

The J! Archive is created by fans, for fans. The Jeopardy! game show and all elements thereof, including but not limited to copyright and trademark thereto, are the property of Jeopardy Productions, Inc. and are protected under law. This website is not affiliated with, sponsored by, or operated by Jeopardy Productions, Inc. Join the discussion at JBoard.tv.